00674nam a2200205Ia 4500008004100000020001800041050002000059082002100079100001500100245007600115250000600191260004400197300001000241440002500251600001500276650004400291942000700335952010900342999001700451120905s9999 xx 000 0 und d a968-16-4086-1 aHB75 R6418 1994 a330.9 R744h 1994 aRoll, Eric aHistoria de las doctrinas economicas / Eric Roll ; Florentino M. Torner a5 aMéxico : Fondo de Cultura Económica a581 p aTextos de Económia aRoll, Eric aEconomía \ Doctrinas económicasÌ cLB 00104070a13b13d2010-05-17l1oHB75 R6418 1994p13 000378r2014-07-31s2014-07-31t1w2012-09-05yLB c83756d83756